Central Library OPAC University of Rajshahi

Sociological perspectives of land reforms / (Record no. 58515)

MARC details
000 -LEADER
fixed length control field 01026nam a2200265 a 4500
001 - CONTROL NUMBER
control field 58515
003 - CONTROL NUMBER IDENTIFIER
rucl marc code BD-RjUL
005 - DATE AND TIME OF LATEST TRANSACTION
control field 20211209080630.0
008 - FIXED-LENGTH DATA ELEMENTS--GENERAL INFORMATION
fixed length control field 161218s1982 ii b 100 0 eng
020 ## - INTERNATIONAL STANDARD BOOK NUMBER
Terms of availability Rs125.00 ($25.00 U.S.)
035 ## - SYSTEM CONTROL NUMBER
System control number (BD-RjUL)58639
040 ## - CATALOGING SOURCE
Original cataloging agency DLC
Transcribing agency DLC
Modifying agency DLC
Language of cataloging eng
041 ## - LANGUAGE CODE
Language code of text/sound track or separate title eng
082 00 - DEWEY DECIMAL CLASSIFICATION NUMBER
Classification number 306.32
Author mark and year SOC 1982
245 00 - TITLE STATEMENT
Title Sociological perspectives of land reforms /
Statement of responsibility, etc. edited by Sheo Kumar Lal ; with a foreword by P.C. Joshi.
260 ## - PUBLICATION, DISTRIBUTION, ETC. (IMPRINT)
Place of publication, distribution, etc. New Delhi, India :
Name of publisher, distributor, etc. Agricole Pub. Academy,
Date of publication, distribution, etc. 1982.
300 ## - PHYSICAL DESCRIPTION
Pagination xx, 254 p. ;
Size 23 cm.
500 ## - GENERAL NOTE
General note Papers presented at the All-India Seminar on Sociological Perspectives of Land Reforms, University of Jodhpur, 1980.
504 ## - BIBLIOGRAPHY, ETC. NOTE
Bibliography, etc Includes bibliographical references.
650 #0 - SUBJECT ADDED ENTRY--TOPICAL TERM
Topical term or geographic name as entry element Land reform
General subdivision Social aspects
Geographic subdivision India.
9 (RLIN) 173825
700 1# - ADDED ENTRY--PERSONAL NAME
Personal name Lal, Sheo Kumar,
Dates associated with a name 1930-
711 2# - ADDED ENTRY--MEETING NAME
Meeting name or jurisdiction name as entry element All-India Seminar on Sociological Perspectives of Land Reforms
Date of meeting (1980 :
Location of meeting University of Jodhpur)
9 (RLIN) 173827
942 ## - ADDED ENTRY ELEMENTS (KOHA)
Source of classification or shelving scheme Dewey Decimal Classification
Koha item type Books
Holdings
Lost status Source of classification or shelving scheme Damaged status Not for loan Collection code Permanent Location Current Location Shelving location Date acquired Source of acquisition Cost, normal purchase price Total Checkouts Full call number Date last seen Copy number Koha item type
  Dewey Decimal Classification   Not For Loan Non-fiction Central Library, University of Rajshahi Central Library, University of Rajshahi Reading Room 25/08/1984 A.B. A. Cal. 125.00   306.32 SOC 1982 18/12/2016 C-1 Books